Members of House of Representatives - Sudden Death - Statistics

General Stats
  • This quiz has been taken 21 times
  • The average score is 7 of 14
Answers on the Grid
Answers color-coded by a green-red scale on the quiz's grid according to % correct below.
Mary Gay Scanlon
Matt Gaetz
Vivek Ramaswamy
Dan Newhouse
Jim Jordan
Sherrod Brown
Kevin Campbell
Peter Theil
Anthony Gonzalez
Herb Conaway
Mike Sullivan
Alexandria Ocasio Cortez
David Trone
Kevin McCarthy
Brian Fitzpatrick
Dave Min
Steve Wittkoff
David Kustoff
Brian Schatz
Joe Kent
Melanie Stansbury
Deborah Simon
Josh Shapiro
Susie Lee
Jared Golden
Mike Jackson
Kay Ivey
Dusty Johnson
Don Bacon
Ron Whiten
Greg Pence
Tulsi Gabbard
 
Answer Stats
Answer % Correct
Alexandria Ocasio Cortez
67%
Brian Fitzpatrick
67%
Dave Min
67%
Don Bacon
67%
Jim Jordan
67%
Susie Lee
67%
Dan Newhouse
50%
Jared Golden
50%
Mary Gay Scanlon
50%
David Kustoff
33%
Dusty Johnson
33%
Herb Conaway
33%
Melanie Stansbury
33%
Anthony Gonzalez
17%
No matching quizzes found
Score Distribution
Percent of People with Each Score
Percentile by Number Answered
Your Score History
You have not taken this quiz